000
00229nam a22001217a 4500
003
SGT
082
_a
340,ICR
100
_a
ICRC
245
_a
CHILDREN IN WAR
260
_a
NEW DELHI
_b
ICRC
_c
2009
300
_a
26
942
_2
ddc
_c
BK
999
_c
11083
_d
11083